| 000 | 01083cam a22003374a 4500 | ||
|---|---|---|---|
| 005 | 20100726125122.0 | ||
| 008 | 090312s2007 stk 000 0 eng | ||
| 010 | _a 2009291100 | ||
| 015 |
_aGBA702097 _2bnb |
||
| 015 |
_aGBA702099 _2bnb |
||
| 016 | 7 |
_a013639220 _2Uk |
|
| 016 | 7 |
_a013639222 _2Uk |
|
| 019 | _a155671673 | ||
| 020 | _a9780007246762 | ||
| 020 | _a0007246765 | ||
| 020 | _a9780007246960 | ||
| 020 | _a000724696x | ||
| 035 |
_a(OCoLC)77795358 _z(OCoLC)155671673 |
||
| 041 | 0 |
_aeng _aara |
|
| 050 | 0 | 0 |
_aPJ6309 _b.C65 2007 |
| 082 | 0 | 4 |
_a492.783421 _222 |
| 245 | 0 | 0 | _aCollins Arabic phrasebook. |
| 246 | 3 | 8 | _aArabic phrasebook |
| 260 |
_a[Glasgow] : _bHarperCollins, _c2007. |
||
| 300 |
_a247 p. ; _c12 cm. |
||
| 440 | 0 | _aCollins gem | |
| 650 | 0 |
_aArabic language _vConversation and phrase books _xEnglish. |
|
| 710 | 2 | _aHarperCollins (Firm) | |
| 999 |
_c345 _d345 |
||